[Event "EU-chT"]
[Site "Haifa"]
[Date "1989.??.??"]
[Round "5"]
[White "Cramling, Pia"]
[Black "Rechlis, Gad"]
[Result "1/2-1/2"]
[WhiteElo "2480"]
[BlackElo "2470"]

1.d4 Nf6 2.c4 e6 3.Nf3 b6 4.a3 Ba6 5.Qc2 Bb7 6.Nc3 c5 7.e4 cxd4 8.Nxd4 d6
9.Be2 Be7 10.Be3 Nbd7 11.O-O O-O 12.f3 Rc8 13.Rfd1 a6 14.Qd2 Ne5 15.b3 Re8
16.Kh1 Qc7 17.Rdc1 Qb8 18.Bg1 Bd8 19.Bf1 h6 20.Qa2 Nh5 21.b4 Qc7 22.Nd1 d5
23.exd5 exd5 24.c5 Nc4 25.Bxc4 dxc4 26.c6 Bxc6 27.Rxc4 Qd7 28.Rxc6 Rxc6 29.Nxc6 Qxc6
30.Ne3 b5 31.Nd5 Nf6 32.Rd1 Nxd5 33.Qxd5 Qxd5 34.Rxd5 Bf6 35.g4 Re1 36.Kg2 Ra1
37.Rd3 Bb2 38.Rd8+ Kh7 39.Rd7 Bxa3 40.Rxf7 Ra2+ 41.Kg3 Kg8 42.Rf5 a5 43.Bc5 Rb2
44.Rf8+ Kh7 45.Rf7 Kg6 46.Ra7 Bxb4 47.Bd4 Bd6+ 48.f4 Rb3+ 49.Kh4 Bf8 50.f5+ Kh7
51.f6 Rd3 52.Be5 Re3 53.Bd4 Rd3 54.Be5 Re3 55.Bd4 Rd3 56.Be5  1/2-1/2

[Event "Hamburg-ch"]
[Site "Hamburg"]
[Date "1989.??.??"]
[Round "?"]
[White "Dankert, Peter"]
[Black "Kreutzkamp, Reinhold"]
[Result "1-0"]
[WhiteElo "2255"]
[BlackElo "2250"]

1.d4 Nf6 2.Nf3 e6 3.c4 b6 4.a3 Bb7 5.Nc3 Ne4 6.Nxe4 Bxe4 7.e3 f5 8.Bd3 Bb7
9.O-O Be7 10.d5 O-O 11.e4 c5 12.Qc2 exd5 13.exd5 g6 14.Bh6 Rf7 15.Rae1 d6
16.h4 Nd7 17.h5 Bf6 18.hxg6 hxg6 19.Bf4 Nf8 20.Qd2 Rh7 21.Re2 Rh5 22.Bh2 Qd7
23.Qf4 Rd8 24.Rfe1 Bc8 25.g4 fxg4 26.Qxf6 gxf3 27.Qxf3 Rh3 28.Bg3 Rh7 29.Qg2 Qf7
30.Re3 Qf6 31.b3 Bh3 32.Qf3 Bf5 33.Qf4 Rdd7 34.Re8 Rdf7 35.Bxf5 gxf5 36.Qxd6 f4
37.Qxf6 Rxf6 38.R1e6 Rf5 39.Bh2 Rg5+ 40.Kf1 Rxh2 41.Rf6 Kg7 42.Rfxf8 Rh1+
43.Ke2 Rgh5 44.Rxf4 Rb1 45.Re3 Rh2 46.Rd3 Rb2+ 47.Ke3 Rh3+ 48.f3 Rhh2 49.Rg4+ Kf6
50.Kf4 Rh7 51.Re3 Rd2 52.Re6+ Kf7 53.Rc6 Rh3 54.Rc7+ Kf8 55.Rxa7 Rd3 56.Ke4 Rxb3
57.Rf4+ Kg8 58.d6 Rc3 59.d7 Rxc4+ 60.Kd5  1-0

[Event "Haninge"]
[Site "Haninge"]
[Date "1989.??.??"]
[Round "?"]
[White "Cramling, Pia"]
[Black "Wilder, Michael"]
[Result "1/2-1/2"]
[WhiteElo "2480"]
[BlackElo "2540"]

1.d4 Nf6 2.c4 e6 3.Nf3 b6 4.a3 Bb7 5.Nc3 d5 6.cxd5 Nxd5 7.Qc2 Nxc3 8.Qxc3 h6
9.Bf4 Bd6 10.Bg3 Nd7 11.e3 O-O 12.Bb5 Rc8 13.Bh4 Qe8 14.Bc6 Bxc6 15.Qxc6 e5
16.O-O f5 17.dxe5 Nxe5 18.Nxe5 Bxe5 19.Qd5+ Kh8 20.Rab1 c6 21.Qc4 f4 22.Rfe1 f3
23.Bg3 fxg2 24.Kxg2 Bxg3 25.hxg3 c5 26.Rbd1 Qc6+ 27.e4 b5 28.Qc3 Rcd8  1/2-1/2

[Event "JUG-ch"]
[Site "?"]
[Date "1989.??.??"]
[Round "?"]
[White "Barlov, Dragan"]
[Black "Cabrilo, Goran"]
[Result "1-0"]
[WhiteElo "2490"]
[BlackElo "2480"]

1.d4 Nf6 2.c4 e6 3.Nf3 b6 4.a3 Ba6 5.Qb3 d5 6.cxd5 exd5 7.Bg5 Be7 8.Nc3 c6
9.Bxf6 Bxf6 10.e4 dxe4 11.Nxe4 O-O 12.Bxa6 Nxa6 13.O-O Nc7 14.Rac1 Re8 15.Nxf6+ Qxf6
16.Qa4 Re6 17.Rfe1 Rd6 18.Ne5 Nb5 19.d5 Rxd5 20.Nxc6 Rd2 21.Qe4 Qxf2+ 22.Kh1 Rf8
23.Rg1 Nd6 24.Qe7 Nf5 25.Qg5 h6 26.Qxf5 Qxf5 27.Ne7+  1-0

[Event "JUG-ch"]
[Site "?"]
[Date "1989.??.??"]
[Round "?"]
[White "Barlov, Dragan"]
[Black "Maksimovic, Branimir"]
[Result "1/2-1/2"]
[WhiteElo "2490"]
[BlackElo "2425"]

1.d4 Nf6 2.c4 e6 3.Nf3 b6 4.a3 Ba6 5.Qb3 d5 6.cxd5 exd5 7.Bg5 Be7 8.Bxf6 Bxf6
9.Nc3 Bc4 10.Qc2 O-O 11.O-O-O c5 12.e3 Bxf1 13.Rhxf1 Na6 14.Kb1 c4 15.e4 dxe4
16.Nxe4 b5 17.g4 Rc8 18.g5 Be7 19.d5 Nc5 20.d6 Nxe4 21.dxe7 Qxe7 22.Rfe1 f5
23.Nd4 Qf7 24.f3 Nc5 25.Nxb5 Nd3 26.Nd6 Nxe1 27.Rxe1 Qd5 28.Nxc8 Rxc8 29.Qc3 Kf7
30.Re5 Qd3+ 31.Qxd3 cxd3 32.Rd5 Kg6 33.Rxd3 Rc7 34.f4 Rc4 35.Rd6+ Kh5 36.Rd7 Kg6
37.Rd6+ Kh5 38.Rd7 Kg6 39.Rxa7 Rxf4 40.a4 Re4 41.Kc2 f4 42.Ra8 f3 43.Rf8 Rxa4
44.Rxf3 Kxg5 45.Kc3 h5 46.Rg3+ Kf6 47.Rg2 g5 48.b4 g4 49.b5 Ke5 50.b6 Kd6  1/2-1/2

[Event "JUG-ch"]
[Site "?"]
[Date "1989.??.??"]
[Round "?"]
[White "Cebalo, Miso"]
[Black "Popovic, Petar"]
[Result "1/2-1/2"]
[WhiteElo "2505"]
[BlackElo "2535"]

1.d4 Nf6 2.Nf3 e6 3.c4 b6 4.a3 Ba6 5.Qc2 Bb7 6.Nc3 c5 7.dxc5 Bxc5 8.Bf4 O-O
9.e3 Be7 10.h3 Na6 11.Be2 Nc5 12.O-O Nce4 13.Rfd1 Nxc3 14.Qxc3 Rc8 15.Qb3 d6
16.Rac1 Qc7 17.Qa2 Ne4 18.b4 e5 19.Bh2 Kh8 20.Nd2 Nxd2 21.Qxd2 f5 22.f3 Rcd8
23.Bd3 Bc8 24.e4 f4 25.Kf1 Be6 26.Bg1 Rc8 27.Bf2 a5 28.Kg1 Ra8 29.Rc2 Rfc8
30.Rdc1 h6 31.Be2 axb4 32.axb4 Ra4 33.Kh2 Bg8 34.Qc3 Rca8 35.c5 dxc5 36.bxc5 bxc5
37.Bxc5 Bh4 38.Bb5 Ra2 39.Rxa2 Rxa2 40.Kh1 Bf6 41.Bd3  1/2-1/2

[Event "Leningrad-chT"]
[Site "Leningrad"]
[Date "1989.??.??"]
[Round "?"]
[White "Komarov, Dimitri"]
[Black "Vladimirov, Evgeny"]
[Result "1/2-1/2"]
[WhiteElo "2390"]
[BlackElo "2565"]

1.d4 Nf6 2.c4 e6 3.Nf3 b6 4.a3 Bb7 5.Nc3 d5 6.cxd5 Nxd5 7.Qc2 Nxc3 8.bxc3 Be7
9.e4 O-O 10.Bd3 c5 11.O-O Nc6 12.Bb2 cxd4 13.cxd4 Rc8 14.Qe2 Bf6 15.Rad1 Na5
16.Rfe1 g6 17.Ne5 Bg7 18.Bb5 Qd6 19.h4 Rc7 20.h5 Rfc8 21.Bd3 Nc6 22.Nc4  1/2-1/2

[Event "Lugano op"]
[Site "Lugano"]
[Date "1989.??.??"]
[Round "1"]
[White "Van der Werf, Mark"]
[Black "Browne, Walter S"]
[Result "1/2-1/2"]
[WhiteElo "2310"]
[BlackElo "2535"]

1.d4 Nf6 2.c4 e6 3.Nf3 b6 4.a3 Ba6 5.Qc2 Bb7 6.Nc3 c5 7.dxc5 bxc5 8.Bf4 d6
9.e3 Nh5 10.Bg5 Be7 11.Bxe7 Qxe7 12.Be2 Nf6 13.O-O O-O 14.Rfd1 Nc6 15.Rd2 Rfd8
16.Rad1 Rd7 17.Ng5 Rad8 18.Bf3 h6 19.Nge4 Ne8 20.Na4 Ne5 21.Be2 Qh4 22.f4 Bxe4
23.Qxe4 Nf6 24.Qc2 Neg4 25.Bxg4 Nxg4 26.g3 Qh3 27.Rd3 Nf6 28.Qg2 Qf5 29.Nc3 g5
30.Qc6 gxf4 31.exf4 Ne8 32.Qe4 Qxe4 33.Nxe4 Rb7 34.R3d2 Rdb8 35.Nxd6  1/2-1/2

[Event "Lugano op"]
[Site "Lugano"]
[Date "1989.??.??"]
[Round "1"]
[White "Sarno, Spartaco"]
[Black "Lautier, Joel"]
[Result "0-1"]
[WhiteElo "2270"]
[BlackElo "2450"]

1.d4 Nf6 2.c4 e6 3.Nf3 b6 4.a3 Bb7 5.Nc3 d5 6.cxd5 Nxd5 7.Qc2 c5 8.e4 Nxc3
9.bxc3 Nc6 10.Bb2 cxd4 11.cxd4 Rc8 12.Rd1 Bd6 13.d5 exd5 14.exd5 Qe7+ 15.Qe2 Na5
16.Nd4 O-O 17.Nf5 Qxe2+ 18.Bxe2 Rc2 19.Rd2 Rxd2 20.Kxd2 Rd8 21.Rd1 Bc5 22.Ke1 Rxd5
23.Rxd5 Bxd5 24.Nxg7 Bxa3 25.Bxa3 Kxg7 26.Bb2+ Kg6 27.Bd3+ f5 28.f3 Nc4 29.Bxc4 Bxc4
30.Be5 Kf7 31.Bb8 a6 32.Bc7 b5 33.Ba5 Ke6 34.Kd2 Kd5 35.Kc3 Kc5 36.g4 f4
37.Bb4+ Kd5 38.Ba5 Be2 39.Bc7 Kc5 40.Bxf4 b4+ 41.Kb3 Bd1+ 42.Ka2 Bxf3 43.g5 a5
44.h4 a4  0-1

[Event "Lugano op"]
[Site "Lugano"]
[Date "1989.??.??"]
[Round "3"]
[White "Bosbach, Gerhard"]
[Black "Sax, Gyula"]
[Result "0-1"]
[WhiteElo "2250"]
[BlackElo "2610"]

1.d4 Nf6 2.c4 e6 3.Nf3 b6 4.a3 Ba6 5.e3 c5 6.Be2 Nc6 7.Nc3 Na5 8.Qa4 Bb7
9.O-O Be7 10.Ne5 O-O 11.b4 cxd4 12.exd4 Nc6 13.Bf3 Qc7 14.Be3 a5 15.Nxc6 Bxc6
16.Bxc6 dxc6 17.bxa5 Rxa5 18.Qb3 Ng4 19.g3 Rh5 20.Bf4 Bd6 21.Ne2 Rxh2 22.Rab1 e5
23.dxe5 Bc5 24.Qf3 Qd7 25.Be3 Bxe3 26.fxe3 Nxe5 27.Qf5 Rxe2 28.Qxe5 Qd2 29.Qe4 Rxe3
30.Qg2 Qd5  0-1

[Event "Lugano op"]
[Site "Lugano"]
[Date "1989.??.??"]
[Round "7"]
[White "Sarno, Spartaco"]
[Black "Roth, Rolf"]
[Result "1-0"]
[WhiteElo "2270"]
[BlackElo "2305"]

1.d4 Nf6 2.c4 e6 3.Nf3 b6 4.a3 d5 5.Nc3 Be7 6.cxd5 exd5 7.Qa4+ c6 8.g3 O-O
9.Bg2 Bf5 10.O-O Ne4 11.Ne5 Nxc3 12.bxc3 b5 13.Qb3 Qb6 14.a4 bxa4 15.Qxa4 a5
16.Ra2 Ra6 17.Rb2 Qc7 18.Bf4 Bd6 19.c4 dxc4 20.Qxc4 Be6 21.Qa4 Nd7 22.Nd3 Nb6
23.Qa1 Bxf4 24.Nxf4 Bd7 25.Rc1 Qd6 26.Rbc2 Rc8 27.Nd3 Nd5 28.Rc5 Ne7 29.Qa4 Rb8
30.e3 Bf5 31.Ne5 Rb4 32.Qa3 f6 33.Bf1 fxe5 34.Bxa6 Rb8 35.dxe5 Qg6 36.Rxa5 Kf8
37.Bf1  1-0

[Event "Luzern"]
[Site "Luzern"]
[Date "1989.??.??"]
[Round "?"]
[White "Cebalo, Miso"]
[Black "Miralles, Gilles"]
[Result "1-0"]
[WhiteElo "2485"]
[BlackElo "2445"]

1.d4 Nf6 2.Nf3 b6 3.c4 e6 4.a3 Bb7 5.Nc3 d5 6.cxd5 exd5 7.Qa4+ Nbd7 8.g3 Be7
9.Bf4 O-O 10.Rd1 Ne4 11.Bg2 Ndf6 12.Nxe4 dxe4 13.Nd2 Qe8 14.Qc2 Rc8 15.O-O c5
16.Bh3 Rd8 17.dxc5 Qc6 18.Nb3 Ba8 19.Bg2 bxc5 20.Rc1 Qb5 21.Nxc5 Bxc5 22.Qxc5 Qxb2
23.Rfe1 Qb7 24.Red1 Rxd1+ 25.Rxd1 Qa6 26.Bf1 Qb7 27.e3 Nd5 28.Be5 Rc8 29.Rxd5  1-0

[Event "Luzern"]
[Site "Luzern"]
[Date "1989.??.??"]
[Round "?"]
[White "Cebalo, Miso"]
[Black "Summermatter, Daniel"]
[Result "1-0"]
[WhiteElo "2485"]
[BlackElo "2385"]

1.d4 Nf6 2.Nf3 e6 3.c4 b6 4.a3 Bb7 5.Nc3 d5 6.cxd5 Nxd5 7.e3 Be7 8.Bb5+ c6
9.Bd3 O-O 10.O-O c5 11.e4 Nxc3 12.bxc3 Qc7 13.Qe2 Nd7 14.e5 Bd5 15.Ng5 h6
16.Nh3 cxd4 17.cxd4 Rfc8 18.Qg4 Kh8 19.Bd2 f5 20.Qh5 Qb7 21.Nf4 Nf8 22.Qe2 a5
23.Rfb1 a4 24.Rb5 Bc6 25.Rb2 Rd8 26.Be3 Bg5 27.d5 Bxd5 28.Rxb6 Qe7 29.Nxd5 Rxd5
30.f4 Qd8 31.Bc4 Bxf4 32.Bxd5 Qxd5 33.Bf2 Qxe5 34.Qxe5 Bxe5 35.Re1 Bf6 36.Reb1 Be7
37.Rb7 Ng6 38.R1b6 Bxa3 39.Rxe6 Nf4 40.Reb6 Kh7 41.Rb8 Rxb8 42.Rxb8 Bd6 43.Ra8 Ne2+
44.Kf1 Nc3 45.h3 a3 46.Bd4 Ne4 47.Ke2 h5 48.Ra7 Bf8 49.Ke3 Ng5 50.Ra6 Nf7
51.Kd3 Ng5 52.Kc4 Kg8 53.Kd5 Kh7 54.Ke5 g6 55.Ra7+ Kh6 56.Be3 Bg7+ 57.Kd5 a2
58.Rxa2 h4 59.Ra4 Kh5 60.Bxg5 Kxg5 61.Ke6 Bc3 62.Kf7 Kh5 63.Rc4 Bb2 64.Rc6 g5
65.Rc5 f4 66.Rc8 g4 67.Rc5+ Kh6 68.hxg4  1-0

[Event "Luzern"]
[Site "Luzern"]
[Date "1989.??.??"]
[Round "?"]
[White "Cebalo, Miso"]
[Black "Ambroz, Jan"]
[Result "1-0"]
[WhiteElo "2485"]
[BlackElo "2425"]

1.Nf3 Nf6 2.c4 b6 3.d4 e6 4.a3 Ba6 5.Qc2 Bb7 6.Nc3 c5 7.dxc5 bxc5 8.Bf4 Nh5
9.Bg5 Be7 10.Bxe7 Qxe7 11.e3 O-O 12.Be2 f5 13.O-O Nc6 14.Rad1 Nf6 15.Nb5 Rad8
16.Nd6 Ba8 17.Rd2 Ne4 18.Nxe4 fxe4 19.Qxe4 Nd4 20.Qg4 Nxe2+ 21.Rxe2 Rxf3
22.gxf3 Rf8 23.e4 Rf6 24.Kh1 Qf8 25.Re3 d5 26.Rg1 dxe4 27.Rg3 Bc6 28.fxe4 h5
29.Qh3 Qd6 30.Qg2 Rf7 31.Rd3 Qf4 32.f3 Kh7 33.Rg5 h4 34.Rh5+ Kg8 35.Qg5  1-0

[Event "Montpellier-A"]
[Site "Montpellier"]
[Date "1989.??.??"]
[Round "?"]
[White "Skembris, Spyridon"]
[Black "Farago, Ivan"]
[Result "1/2-1/2"]
[WhiteElo "2420"]
[BlackElo "2495"]

1.d4 Nf6 2.c4 e6 3.Nf3 b6 4.a3 Ba6 5.b3 d5 6.Nbd2 c5 7.e3 cxd4 8.Nxd4 Bc5
9.Bb2 O-O 10.N4f3 Bb7 11.Be2 a5 12.O-O Nbd7 13.Ra2 Qe7 14.Qa1 dxc4 15.Nxc4 Bd5
16.a4 Rfc8 17.Nfd2 Rab8 18.Bf3 Bb4 19.Bd4 Bxd2 20.Nxd2 e5 21.Bb2 Qe6 22.Bd1 Ne4
23.Nxe4 Bxe4 24.Ba3 Nc5 25.b4 axb4 26.Bxb4 Bxg2 27.Kxg2 Qg6+ 28.Kh3 Qh6+
29.Kg2  1/2-1/2

[Event "New York op"]
[Site "New York"]
[Date "1989.??.??"]
[Round "4"]
[White "Bisguier, Arthur Bernard"]
[Black "Pliester, Leon"]
[Result "1/2-1/2"]
[WhiteElo "2405"]
[BlackElo "2385"]

1.d4 Nf6 2.c4 e6 3.Nf3 b6 4.a3 Bb7 5.Nc3 d5 6.Bg5 Be7 7.Rc1 O-O 8.e3 Nbd7
9.cxd5 exd5 10.Bd3 Ne4 11.Bf4 c5 12.O-O Nxc3 13.Rxc3 c4 14.Bb1 b5 15.Ne5 Nxe5
16.Bxe5 Bd6 17.f4 f5 18.g4 Bxe5 19.fxe5 fxg4 20.Qxg4 Rxf1+ 21.Kxf1 Qe7 22.Rc2 Rf8+
23.Rf2 Bc8 24.Rxf8+ Qxf8+ 25.Qf4 Qxf4+ 26.exf4 g6 27.Ke2 a5 28.Bc2 b4 29.axb4 axb4
30.Ke3 Kg7 31.Bd1 b3 32.Kd2 Bf5 33.Kc3 Kf7 34.Bf3 Ke6 35.Bh1  1/2-1/2

[Event "World op act"]
[Site "Philadelphia"]
[Date "1989.??.??"]
[Round "2"]
[White "Bonin, Jay R"]
[Black "Dokhoian, Yury"]
[Result "1-0"]
[WhiteElo "2400"]
[BlackElo "2575"]

1.d4 Nf6 2.c4 e6 3.Nf3 b6 4.a3 Ba6 5.Qc2 Bb7 6.Nc3 c5 7.dxc5 bxc5 8.Bg5 Be7
9.Rd1 d6 10.e3 O-O 11.Be2 Nbd7 12.O-O a6 13.Rd2 Qc7 14.Rfd1 Rfd8 15.Bf4 Nf8
16.Ng5 h6 17.Nge4 Ne8 18.Na4 Bxe4 19.Qxe4 Rab8 20.Bf3 Rdc8 21.Bg3 Qa5 22.Qc2 Nd7
23.Be2 Bf8 24.f4 g6 25.e4 Nb6 26.Nc3 Bg7 27.e5 dxe5 28.fxe5 Na8 29.Ne4 Rd8
30.Rxd8 Rxd8 31.Rxd8 Qxd8 32.Qd1 Qb6 33.Qd7 Nac7 34.Nf6+ Bxf6 35.exf6 Qxb2
36.Bxc7 Nxc7 37.Qd8+ Kh7 38.Qxc7 Qd4+ 39.Kf1 Qxf6+ 40.Bf3 Qa1+ 41.Kf2 Qd4+
42.Kg3 Kg7 43.Qf4 Qc3 44.a4 Qe1+ 45.Kh3 Qc3 46.g3  1-0

[Event "World op"]
[Site "Philadelphia"]
[Date "1989.??.??"]
[Round "7"]
[White "Browne, Walter S"]
[Black "Polaczek, Richard"]
[Result "1-0"]
[WhiteElo "2535"]
[BlackElo "2375"]

1.d4 Nf6 2.c4 e6 3.Nf3 b6 4.a3 Ba6 5.Qc2 Bb7 6.Nbd2 c5 7.e4 cxd4 8.e5 Ng8
9.Bd3 Qc7 10.Ne4 Nc6 11.Bf4 f6 12.Nd6+ Bxd6 13.exd6 Qb8 14.c5 bxc5 15.Qxc5 Nge7
16.Qh5+ g6 17.Qh6 Nd8 18.dxe7 Nf7 19.Qf8+  1-0

[Event "Philadelphia"]
[Site "Philadelphia"]
[Date "1989.??.??"]
[Round "8"]
[White "Klein, Lawrence"]
[Black "Rind, Bruce"]
[Result "0-1"]
[WhiteElo "2280"]
[BlackElo "2380"]

1.d4 Nf6 2.Nf3 e6 3.c4 b6 4.a3 Ba6 5.Qc2 c5 6.Bg5 cxd4 7.Nxd4 Bc5 8.Nf3 Nc6
9.Nbd2 Be7 10.g3 Rc8 11.Qa4 Bb7 12.Bg2 O-O 13.O-O h6 14.Bxf6 Bxf6 15.Rab1 Na5
16.Rfc1 a6 17.e4 d6 18.b4 Nxc4 19.Rxc4 Rxc4 20.Nxc4 b5 21.Qc2 bxc4 22.Qxc4 Qa8
23.Nd2 Rc8 24.Qf1 Rc2 25.Nc4 Bxe4 26.Bxe4 Qxe4 27.Nxd6 Qd5 28.Rd1 Bd4 29.Ne8 Bxf2+  0-1

[Event "Podolsk GMA-qual"]
[Site "Podolsk"]
[Date "1989.??.??"]
[Round "?"]
[White "Tseitlin, Mark D"]
[Black "Rozentalis, Eduardas"]
[Result "1-0"]
[WhiteElo "2435"]
[BlackElo "2505"]

1.Nf3 Nf6 2.c4 e6 3.d4 b6 4.a3 d5 5.Nc3 Bb7 6.cxd5 exd5 7.g3 Bd6 8.Bg5 O-O
9.Ne5 h6 10.Bxf6 Qxf6 11.f4 Qe6 12.Bg2 f6 13.Ng6 Re8 14.O-O Nd7 15.Qb3 c6
16.e4 Qf7 17.exd5 cxd5 18.Nb5 Bb8 19.Rae1 Re4 20.f5 a6 21.Bxe4 dxe4 22.Qxf7+ Kxf7
23.Nc3 Bc7 24.Nxe4 Rd8 25.Nc3 Bd6 26.Re6 Nf8 27.Nxf8 Kxf8 28.Rfe1 Bc8 29.Kf2 Bxe6
30.Rxe6 h5 31.Ke3 Kf7 32.Ne4 Bc7 33.Rc6 Rd7 34.b4 Ke7 35.d5 Be5 36.Rxb6 Rxd5
37.Rxa6 Bd4+ 38.Kf4 Be5+ 39.Kf3 Rd3+ 40.Ke2 Rb3 41.Ra7+ Kf8 42.Nd2 Rc3 43.Nf3 Bd6
44.Nd4 Be5 45.Ne6+ Kg8 46.Rxg7+ Kh8 47.Ra7 Rc2+ 48.Kf3 Rxh2 49.Nf4 Kg8 50.Nd3  1-0

[Event "Podolsk GMA-qual"]
[Site "Podolsk"]
[Date "1989.??.??"]
[Round "?"]
[White "Khenkin, Igor"]
[Black "Karpman, Vadim"]
[Result "0-1"]
[WhiteElo "2445"]
[BlackElo "2525"]

1.d4 Nf6 2.c4 e6 3.Nf3 b6 4.a3 Bb7 5.Nc3 d5 6.cxd5 Nxd5 7.e3 Nd7 8.Nxd5 Bxd5
9.Bd3 c5 10.e4 Bb7 11.Bf4 a6 12.d5 exd5 13.exd5 Bxd5 14.Bxa6 Bxf3 15.Qxf3 Rxa6
16.O-O-O Be7 17.Qg4 b5 18.Rhe1 Rg6 19.Qh3 Re6 20.Rxe6 fxe6 21.Qxe6 Rf8 22.Be5 Rf7
23.f4 Qc8 24.g4 Qb7 25.g5 Nxe5 26.Qxe5 Kf8 27.Kb1 Qc8 28.Ka1 Kg8 29.Re1 Bf8
30.Re4 Qf5 31.Qe8 b4 32.a4 Qd5 33.Re1 Rxf4 34.a5 b3 35.a6 Rd4 36.Qe2 Ra4+
37.Kb1 Qf5+ 38.Kc1 Qf4+ 39.Kb1 Qf5+ 40.Kc1 Qxg5+ 41.Kb1 Qf5+ 42.Kc1 Ra1+
43.Kd2 Qc2+  0-1

[Event "Porz op22"]
[Site "Porz"]
[Date "1989.??.??"]
[Round "?"]
[White "Mueller, Ha"]
[Black "Richter, Goetz"]
[Result "1-0"]
[WhiteElo "2330"]
[BlackElo "2230"]

1.d4 Nf6 2.c4 e6 3.Nf3 b6 4.a3 d5 5.cxd5 exd5 6.Nc3 Be7 7.Bg5 O-O 8.e3 Bf5
9.Be2 Nbd7 10.O-O c6 11.Rc1 h6 12.Bf4 Nh5 13.Be5 f6 14.Bg3 Nxg3 15.fxg3 Bh7
16.Qa4 b5 17.Qb3 Nb6 18.e4 a6 19.exd5 cxd5 20.a4 b4 21.a5 Nc4 22.Nxd5  1-0

[Event "Bohemians-B"]
[Site "Prague"]
[Date "1989.??.??"]
[Round "?"]
[White "Szymczak, Zbigniew"]
[Black "Choleva, Zdenek"]
[Result "0-1"]
[WhiteElo "2400"]
[BlackElo "2235"]

1.Nf3 Nf6 2.c4 e6 3.d4 b6 4.a3 Bb7 5.Nc3 Be7 6.d5 d6 7.g3 Nbd7 8.Bg2 e5 9.O-O h5
10.e4 Nc5 11.Nh4 Ng8 12.Nf5 Bf6 13.b4 Nd7 14.Bb2 g6 15.Ne3 h4 16.Rc1 a5 17.Ng4 Bg7
18.Nb5 Ngf6 19.Nxf6+ Bxf6 20.Qb3 Ba6 21.Rc2 Kf8 22.Bc1 Bg7 23.Be3 Bh6 24.f4 hxg3
25.hxg3 exf4 26.gxf4 axb4 27.axb4 Bxb5 28.cxb5 Qh4 29.Rxc7 Nf6 30.Bf2 Qg4
31.Qc3 Bxf4 32.Bg3 Bxg3 33.Rxf7+ Kg8 34.R1xf6 Bh2+ 35.Kf1 Qd1+ 36.Qe1 Qd3+  0-1

[Event "Prague Mladi"]
[Site "Prague"]
[Date "1989.??.??"]
[Round "9"]
[White "Bretsnajdr, Vladimir"]
[Black "Votruba, Pavel"]
[Result "0-1"]
[WhiteElo "2310"]
[BlackElo "2355"]

1.d4 Nf6 2.Nf3 e6 3.c4 b6 4.a3 d5 5.cxd5 Nxd5 6.Nc3 Bb7 7.Qc2 c5 8.e4 Nxc3
9.bxc3 Nd7 10.Bd3 Qc7 11.Bb2 cxd4 12.cxd4 Qxc2 13.Bxc2 Rc8 14.Bd3 Be7 15.O-O O-O
16.Rfd1 Rfd8 17.Rd2 Nb8 18.Rad1 Bf6 19.h4 Bc6 20.Bc2 Bb5 21.g4 g6 22.Kg2 Nc6
23.e5 Be7 24.d5 exd5 25.Rxd5 Rxd5 26.Rxd5 Nb4 27.Rxb5 Rxc2 28.Bd4 Nc6 29.a4 Rc4  0-1

[Event "Ptuj"]
[Site "Ptuj"]
[Date "1989.??.??"]
[Round "9"]
[White "Krasenkow, Michal"]
[Black "Brglez, Rado"]
[Result "1-0"]
[WhiteElo "2525"]
[BlackElo "2240"]

1.d4 Nf6 2.Nf3 b6 3.c4 e6 4.a3 Bb7 5.Nc3 g6 6.Qc2 d5 7.cxd5 exd5 8.Bf4 Bd6
9.Bxd6 cxd6 10.Qb3 O-O 11.e3 Kg7 12.Be2 Nc6 13.O-O Ne7 14.Rfc1 Ne4 15.Nb5 Bc6
16.Rxc6 Nxc6 17.Qxd5 Re8 18.Qxc6 Rc8 19.Qd5 a6 20.Nc3 Nxc3 21.bxc3 Rxc3 22.Bxa6 Qc7
23.Ng5 Qe7 24.Bb5 Rec8 25.g3 f5 26.Ne6+ Kf6 27.Nf4 Rc1+ 28.Rxc1 Rxc1+ 29.Kg2 g5
30.Ne2  1-0

[Event "Sao Paulo"]
[Site "Sao Paulo"]
[Date "1989.??.??"]
[Round "?"]
[White "Correa, Aron A"]
[Black "Sunye Neto, Jaime"]
[Result "1-0"]
[WhiteElo "2270"]
[BlackElo "2510"]

1.Nf3 Nf6 2.d4 e6 3.c4 b6 4.a3 Bb7 5.Nc3 Ne4 6.Nxe4 Bxe4 7.Nd2 Bb7 8.e4 Qf6
9.d5 Bc5 10.Nf3 Qg6 11.b4 Qxe4+ 12.Be2 Be7 13.O-O exd5 14.Re1 dxc4 15.Bb2 Nc6
16.Rc1 Qg6 17.Rxc4 O-O 18.Bd3 Qd6 19.b5 Na5 20.Rd4 Qc5 21.Rg4 g6 22.Qd2 f5
23.Qh6 Rf6 24.Ng5 fxg4 25.Qxh7+  1-0

[Event "Sao Paulo zt"]
[Site "Sao Paulo"]
[Date "1989.??.??"]
[Round "?"]
[White "Correa, Aron A"]
[Black "Sunye Neto, Jaime"]
[Result "0-1"]
[WhiteElo "2270"]
[BlackElo "2510"]

1.d4 Nf6 2.Nf3 e6 3.c4 b6 4.a3 Bb7 5.Nc3 d5 6.cxd5 Nxd5 7.Qc2 Nxc3 8.bxc3 Nd7
9.e4 c5 10.Bf4 cxd4 11.cxd4 Rc8 12.Qa4 a6 13.Bd3 Be7 14.O-O O-O 15.Qb3 b5
16.Rfc1 Rxc1+ 17.Rxc1 Nf6 18.Qb1 Bxa3 19.Rc7 Ba8 20.Qc2 h6 21.d5 Bxd5 22.exd5 Nxd5
23.Be5 Nxc7 24.Bxc7 Qe7 25.Be5 Qc5 26.Qxc5 Bxc5 27.Kf1 Rd8 28.Be4 a5 29.Ke2 a4  0-1

[Event "Sochi-A"]
[Site "Sochi"]
[Date "1989.??.??"]
[Round "?"]
[White "Vyzmanavin, Alexey"]
[Black "Nun, Jiri"]
[Result "1-0"]
[WhiteElo "2555"]
[BlackElo "2475"]

1.d4 Nf6 2.c4 e6 3.Nf3 b6 4.a3 Bb7 5.Nc3 d5 6.cxd5 exd5 7.g3 Be7 8.Qa4+ c6
9.Bg2 O-O 10.O-O c5 11.Bf4 Na6 12.Rad1 Qc8 13.Ne5 Rd8 14.Rc1 Qe6 15.Rfd1 h6
16.Nd3 cxd4 17.Qxd4 Ne8 18.Qe5 Qxe5 19.Bxe5 Nf6 20.Rb1 g5 21.Nb4 Rac8 22.Ncxd5 Nxd5
23.Nxd5 Bxd5 24.Bxd5 Nc5 25.e4 Nd7 26.Bd4 Nf6 27.Rbc1 Nxd5 28.Rxc8 Rxc8 29.exd5 f6
30.Bc3 Kf7 31.Kg2 Rd8 32.Kf3 Bd6 33.Rd3 Re8 34.Re3 Rd8 35.Re6 Be7 36.Ke4 g4
37.Bd2 h5 38.Bf4 Bc5 39.Rc6 Rd7 40.b4 Bxf2 41.d6 b5 42.Kf5  1-0

[Event "BUL-ch"]
[Site "Sofia"]
[Date "1989.??.??"]
[Round "1"]
[White "Topalov, Veselin"]
[Black "Georgiev, Kiril"]
[Result "0-1"]
[WhiteElo "2395"]
[BlackElo "2590"]

1.d4 Nf6 2.Nf3 e6 3.c4 b6 4.a3 Ba6 5.Qc2 Bb7 6.Nc3 c5 7.d5 exd5 8.cxd5 Nxd5
9.Bg5 Be7 10.Ne4 O-O 11.O-O-O Na6 12.h4 f6 13.Bd2 Nac7 14.e3 Ne6 15.Bc3 f5
16.Neg5 Bxg5 17.Nxg5 Nxg5 18.Bc4 Ne4 19.Bxd5+ Bxd5 20.Rxd5 Qe7 21.Be5 Rad8
22.Bf4 d6 23.f3 Nf6 24.Rxf5 h6 25.h5 d5 26.Rd1 d4 27.exd4 cxd4 28.Kb1 Qe6
29.Re5 Qf7 30.Rf5 Rd5 31.Rxd5 Nxd5 32.Bc1 Ne3 33.Bxe3 dxe3 34.Qe2 Re8 35.g4 Kh8
36.Rg1 Qf4 37.Rd1 Qe5 38.Re1 a5 39.Rd1 b5 40.f4 Qxf4 41.Qxb5 Qe4+ 42.Ka1 e2
43.Re1 Re5 44.Qb8+ Kh7 45.Qd6 Re6 46.Qc5 Qxg4 47.Qc2+ Re4 48.Qd3 a4 49.Kb1 Kh8
50.Qd8+ Kh7  0-1

[Event "Spijkenisse"]
[Site "Spijkenisse"]
[Date "1989.??.??"]
[Round "3"]
[White "Cramling, Pia"]
[Black "Howell, James C"]
[Result "1/2-1/2"]
[WhiteElo "2480"]
[BlackElo "2440"]

1.d4 Nf6 2.c4 e6 3.Nf3 b6 4.a3 Bb7 5.Nc3 d5 6.cxd5 Nxd5 7.Qc2 Nxc3 8.bxc3 c5
9.e4 Nd7 10.Bf4 cxd4 11.cxd4 Rc8 12.Qb3 Be7 13.Bd3 Nf6 14.Qb5+ Qd7 15.Ne5 Qxb5
16.Bxb5+ Kf8 17.f3 Ne8 18.Nd7+ Kg8 19.O-O g5 20.Bg3 Kg7 21.a4 Nd6 22.Rfc1 h5
23.Ne5 h4 24.Bf2 Rxc1+ 25.Rxc1 Rc8 26.Rxc8 Nxc8 27.Nc6 a6 28.Nxe7 axb5 29.Nxc8 Bxc8
30.axb5 Bd7 31.d5 exd5 32.exd5 Bxb5 33.Bxb6 f6 34.Kf2 Kf7 35.Bd8 Bc4 36.d6 Bb5
37.Ke3 Ke6 38.Be7 Bf1 39.Kf2 Bb5 40.h3 Bc6 41.Ke3 Bb5 42.f4 Bc6 43.fxg5 fxg5
44.Kf2 Kf5 45.Ke3 Ke6 46.Kf2  1/2-1/2

[Event "URS-ch U26"]
[Site "Tbilisi"]
[Date "1989.??.??"]
[Round "?"]
[White "Anastasian, Ashot"]
[Black "Rozentalis, Eduardas"]
[Result "0-1"]
[WhiteElo "2475"]
[BlackElo "2485"]

1.d4 Nf6 2.c4 e6 3.Nf3 b6 4.a3 d5 5.cxd5 exd5 6.g3 Bd6 7.Bg2 O-O 8.O-O Nbd7
9.Nc3 Bb7 10.Nb5 Be7 11.Bf4 c6 12.Nd6 Bxd6 13.Bxd6 Re8 14.Rc1 Ne4 15.Bf4 Qe7
16.Re1 c5 17.Nd2 Nxd2 18.Qxd2 Rad8 19.dxc5 Nxc5 20.Qb4 Ba6 21.Rcd1 Bc4 22.Be3 Nb3
23.Qc3 b5 24.Bd4 f6 25.e3 Rd6 26.Bf1 a5 27.Qc2 Qe4 28.Qc3 Rde6 29.Bd3 Qg4
30.Bc2 a4 31.Kg2 Be2 32.Rxe2 Qxe2 33.Bxb3 axb3 34.Qxb3 Qc4 35.Rd3 Rc6 36.Qd1 Qc2
37.Qh5 Rd8 38.Rd1 Qe4+ 39.Qf3 Kf7 40.Bc3 Qxf3+ 41.Kxf3 Ke6 42.Rd3 Rc4 43.Rd1 g5
44.h3 h5 45.Rd3 f5 46.Bd4 g4+ 47.Kg2 Rc1 48.Rb3 Rdc8 49.Bc3 Rb1 50.h4 Rc4
51.Kh2 Kd6 52.Kg2 Kc6 53.Kh2 Rf1 54.Kg2 Rd1 55.Kh2 Rd3 56.Kg2 d4  0-1

[Event "URS-ch U26"]
[Site "Tbilisi"]
[Date "1989.??.??"]
[Round "?"]
[White "Dautov, Rustem"]
[Black "Rozentalis, Eduardas"]
[Result "1/2-1/2"]
[WhiteElo "2535"]
[BlackElo "2485"]

1.d4 Nf6 2.c4 e6 3.Nf3 b6 4.a3 Bb7 5.Nc3 d5 6.cxd5 exd5 7.g3 Bd6 8.Bg2 O-O
9.O-O Nbd7 10.Nb5 Be7 11.Bf4 c6 12.Nd6 Bxd6 13.Bxd6 Re8 14.Rc1 Ne4 15.Bf4 c5
16.dxc5 bxc5 17.Nd2 Ndf6 18.Nxe4 Nxe4 19.Bxe4 Rxe4 20.Rxc5 Qb6 21.b4 Rae8
22.Re1 d4 23.f3 R4e7 24.Qd3 h6 25.Bd2  1/2-1/2

[Event "Warsaw op"]
[Site "Warsaw"]
[Date "1989.??.??"]
[Round "?"]
[White "Tomaszewski, Roman"]
[Black "Hawelko, Marek"]
[Result "0-1"]
[WhiteElo "2350"]
[BlackElo "2455"]

1.d4 Nf6 2.Nf3 e6 3.c4 b6 4.a3 Ba6 5.Qc2 Bb7 6.Nc3 c5 7.dxc5 bxc5 8.Bf4 Be7
9.Rd1 O-O 10.e3 Qb6 11.Be2 Rd8 12.O-O d6 13.Rd2 Nbd7 14.Rfd1 Nf8 15.Ng5 Ng6
16.Bg3 Rd7 17.Nge4 Nxe4 18.Nxe4 Rad8 19.Nc3 Nh4 20.Bf1 Qc6 21.e4 Ng6 22.b4 Bg5
23.b5 Qb6 24.Re2 Bf6 25.a4  0-1